Dandy´s world toons - Statistics

Estatísticas Gerais
  • Esse quiz foi jogado 17 vezes
  • A pontuação média é 20 de 34
Estatísticas das Respostas
Hint Resposta % Correto
??? Dandy
90%
Main Astro
80%
Regular Poppy
80%
Regular Rodger
80%
Main Bobette
70%
Regular Boxten
70%
Regular Finn
70%
Regular Gigi
70%
Regular Looey
70%
Main Pebble
70%
Regular Tisha
70%
Regular Toodles
70%
Main Vee
70%
Regular Yatta
70%
Event Cocoa
60%
Regular Cosmo
60%
Regular Glisten
60%
Regular Goob
60%
Regular Scraps
60%
Main Shelly
60%
Regular Shrimpo
60%
Main Sprout
60%
Event Coal
50%
Regular Connie
50%
Event Eggson
50%
Regular Flutter
50%
Event Flyte
50%
Event Ginger
50%
Event Rudie
50%
Main Bassie
40%
Regular Brightney
40%
Regular Bloot
10%
Regular ReD
10%
Regular Tegam
10%
Nenhum quiz correspondente encontrado
Distribuição das Pontuações
Porcentagem de Pessoas com Cada Pontuação
Percentil de Números Respondidos
Sua Pontuação Histórica
Você não jogou esse quiz